[Event "JI GADIJ"]
[Site "SchemingMind.com"]
[Date "2021.09.03"]
[Round "-"]
[White "grabapawn"]
[Black "Kenny Elliott"]
[Result "1-0"]
[WhiteCountry "USA"]
[BlackCountry "USA"]
[WhiteElo "1526"]
[WhiteRD "61"]
[BlackElo "1549"]
[BlackRD "66"]
[GameID "714886"]

1. f4 f5 2. e3 Nf6 3. b3 e6 4. Bb2 Be7 5. Be2 O-O 6. Nf3 Nc6 7. O-O d5 8. d3 b6 9. Nbd2 Bb7 10. Ng5 Qd6
11. Bf3 h6 12. Nh3 Qc5 13. Kh1 Nb4 14. d4 Qxc2 15. Qc1 Rab8 16. a3 Qxc1 17. Rfxc1 Nd3 18. Rc2 Ne4 19. Nxe4 dxe4 20. Bh5 c5
21. g4 fxg4 22. Bxg4 Bf6 23. Bxe6+ Kh8 24. Bc3 cxd4 25. exd4 Bc8 26. d5 Bxc3 27. Rxc3 Bxe6 28. dxe6 Nxf4 29. e7 Rf7 30. Nxf4 Rxf4
31. Rd1 Rf3 32. Rxf3 exf3 33. Rd8+ Rxd8 34. exd8=Q+
1-0

[Event "JI GADIJ"]
[Site "SchemingMind.com"]
[Date "2021.09.02"]
[Round "-"]
[White "grabapawn"]
[Black "Phillip Beckett"]
[Result "1-0"]
[WhiteCountry "USA"]
[BlackCountry "ENG"]
[WhiteElo "1496"]
[WhiteRD "62"]
[BlackElo "1426"]
[BlackRD "56"]
[GameID "714887"]

1. f4 e5 2. fxe5 d6 3. Nf3 dxe5 4. e4 Nc6 5. b3 Nf6 6. d3 Bd6 7. Bb2 O-O 8. Be2 Bg4 9. Nbd2 Re8 10. O-O Bc5+
11. Kh1 Nd4 12. Nxd4 Bxd4 13. c3 Bxe2 14. Qxe2 Bb6 15. Qf3 Qd7 16. Qg3 Nh5 17. Qf3 Nf6 18. Qg3 Nh5 19. Qf3 Nf6 20. Nc4 c5
21. Qg3 Rad8 22. Rxf6 Qxd3 23. Qxd3 Rxd3 24. Rd6 Rxd6 25. Nxd6 Re7 26. Nc8 Rc7 27. Nxb6 axb6 28. Rd1 Kf8 29. c4 Ke7 30. Bxe5 Rd7
31. Rxd7+
1-0

[Event "JI GADIJ"]
[Site "SchemingMind.com"]
[Date "2021.09.03"]
[Round "-"]
[White "krzysztof"]
[Black "grabapawn"]
[Result "0-1"]
[WhiteCountry "POL"]
[BlackCountry "USA"]
[WhiteElo "1497"]
[WhiteRD "80"]
[BlackElo "1515"]
[BlackRD "64"]
[GameID "714888"]

1. e4 e5 2. Nf3 Nf6 3. Bc4 Bc5 4. O-O Nc6 5. d3 d6 6. Bd5 Bg4 7. h3 Be6 8. c4 Qd7 9. Bxc6 bxc6 10. a3 Bxh3
11. gxh3 Qxh3 12. Nh2 h6 13. Qf3 Qe6 14. Be3 g5 15. Qf5 Qxf5 16. exf5 Bxe3 17. fxe3 Rb8 18. b4 g4 19. Rf2 g3 20. Rg2 gxh2+
21. Kxh2 Ke7 22. Nd2 h5 23. Rag1 Ng4+ 24. Kh3 Rbg8 25. Kh4 f6 26. e4 Rg5 27. Nf3 Rg7 28. Kh3 Kf7 29. Rg3 Rhh7 30. Nh4 Nf2+
31. Kh2 Rxg3 32. Rxg3 Rg7 33. Rxg7+ Kxg7 34. Ng6 Nxd3 35. Ne7 c5 36. bxc5 Nxc5 37. Nd5 c6 38. Nb4 Nxe4 39. Nxc6 a6 40. Nb4 a5
41. Nc6 a4 42. Nb4 Nd2 43. Kg3 Nxc4 44. Nd3 e4 45. Ne1 Nxa3 46. Kf4 d5 47. Ke3 Nb5 48. Nc2 a3 49. Nb4 Kh6 50. Kf4 Nc3
51. Ke3 Kg5 52. Kd4 a2 53. Nc2 a1=Q 54. Nxa1 Kxf5 55. Nc2 Nd1 56. Kxd5 h4 57. Ne1 e3 58. Kd4 Kf4 59. Kd3 h3 60. Ke2 h2
61. Nf3 h1=Q 62. Ne1 Nc3+ 63. Kd3 Qxe1 64. Kd4 e2
0-1

[Event "JI GADIJ"]
[Site "SchemingMind.com"]
[Date "2021.09.02"]
[Round "-"]
[White "ray winteringham"]
[Black "grabapawn"]
[Result "1-0"]
[WhiteCountry "ENG"]
[BlackCountry "USA"]
[WhiteElo "1506"]
[WhiteRD "50"]
[BlackElo "1496"]
[BlackRD "62"]
[GameID "714889"]

1. e4 e5 2. Bc4 Nf6 3. d3 Bc5 4. h3 O-O 5. Nf3 Nc6 6. O-O d5 7. exd5 Nxd5 8. Bd2 Nf4 9. a3 Qf6 10. Nc3 Qg6
11. Bxf4 exf4 12. Nd5 Bxh3 13. Nxf4
1-0

[Event "JI GADIJ"]
[Site "SchemingMind.com"]
[Date "2021.09.02"]
[Round "-"]
[White "grabapawn"]
[Black "JAHI"]
[Result "0-1"]
[WhiteCountry "USA"]
[BlackCountry "INT"]
[WhiteElo "1526"]
[WhiteRD "61"]
[BlackElo "1995"]
[BlackRD "72"]
[GameID "714890"]

1. f4 d6 2. Nf3 g6 3. Nc3 Bg7 4. d4 h6 5. Be3 h5 6. g3 Kf8 7. Qd3 a6 8. O-O-O Bf5 9. Qc4 Nf6 10. Ng5 d5
11. Qb3 Nc6 12. Bg2 b6 13. Bf2 Na5 14. Qb4 h4 15. e4 dxe4 16. Ncxe4 Nxe4 17. Nxe4 Qd5 18. Rhe1 Re8 19. b3 hxg3 20. Bxg3 Nc6
21. Qc4 Qxc4 22. bxc4 Nxd4 23. c3 Nc6 24. Ng5 Na5 25. Kb2 Nxc4+ 26. Kb3 Na5+ 27. Kb2 b5 28. Ne4 b4 29. Rd5 bxc3+ 30. Nxc3 Rb8+
31. Ka3 Nc4+ 32. Ka4 Bc2#
0-1

[Event "JI GADIJ"]
[Site "SchemingMind.com"]
[Date "2021.09.03"]
[Round "-"]
[White "grabapawn"]
[Black "Daniel Dubé"]
[Result "1-0"]
[WhiteCountry "USA"]
[BlackCountry "CAN"]
[WhiteElo "1526"]
[WhiteRD "61"]
[BlackElo "1572"]
[BlackRD "58"]
[GameID "714891"]

1. f4 e5 2. fxe5 d6 3. Nf3 Nc6 4. d4 dxe5 5. dxe5 f6 6. Qxd8+ Kxd8 7. Bf4 Bg4 8. Nbd2 Nge7 9. h3 Bf5 10. O-O-O Kc8
11. e4 Be6 12. b3 Ng6 13. Bg3 fxe5 14. Nc4 Bc5 15. Nfxe5 Ncxe5 16. Nxe5 Ba3+ 17. Kb1 b6 18. Ba6+ Kb8 19. Nc6#
1-0

[Event "JI GADIJ"]
[Site "SchemingMind.com"]
[Date "2021.09.03"]
[Round "-"]
[White "Arnold Jones"]
[Black "grabapawn"]
[Result "0-1"]
[WhiteCountry "ENG"]
[BlackCountry "USA"]
[WhiteElo "1501"]
[WhiteRD "56"]
[BlackElo "1526"]
[BlackRD "61"]
[GameID "714892"]

1. d4 f5 2. Nf3 d6 3. c4 Nf6 4. d5 e6 5. Nc3 e5 6. Bg5 Be7 7. Qa4+ Bd7 8. Qb3 b6 9. Qc2 O-O 10. O-O-O a6
11. Bxf6 Bxf6 12. e4 g5 13. exf5 Bg7 14. g4 a5 15. Ne4 h6 16. Bd3 Na6 17. a3 c6 18. Nxd6 Qf6 19. Ne4 Qd8 20. d6 Nc5
21. Nxc5 bxc5 22. Be4 Rb8 23. Ne1 Rb7 24. a4 Qa8 25. Nd3 Rfb8 26. b4 Be8 27. Nxc5 Rxb4 28. Qc3 Qa7 29. Nd3 Rb3 30. Qc2 Qd4
31. f3 Qe3+ 32. Qd2 Qd4 33. Qc2 c5 34. Bd5+ Kh8 35. Kd2 Rxd3+ 36. Qxd3 Qf2+ 37. Qe2 Rb2+ 38. Kc1 Qxe2
0-1

[Event "JI GADIJ"]
[Site "SchemingMind.com"]
[Date "2021.09.02"]
[Round "-"]
[White "grabapawn"]
[Black "carra1971"]
[Result "0-1"]
[WhiteCountry "USA"]
[BlackCountry "CUB"]
[WhiteElo "1496"]
[WhiteRD "62"]
[BlackElo "2140"]
[BlackRD "94"]
[GameID "714893"]

1. f4 f5 2. b3 Nf6 3. Bb2 e6 4. Nf3 Be7 5. e3 O-O 6. Bd3 b6 7. O-O Bb7 8. Ng5 h6 9. Nh3 c5 10. Na3 d5
11. Rf3 Nc6 12. Nb5 a6 13. Nc3 Nb4 14. Be2 d4 15. Rg3 dxc3 16. Bxc3 Qd7 17. a3 Nc6 18. Rg6 Kh7 19. Bh5 Rad8 20. d3 Ne8
21. Rg3 Bf6 22. Bg6+ Kh8 23. Bxf6 Nxf6 24. Ng5 e5 25. Rh3 exf4 26. e4 Qd4+ 27. Kh1 Ng4 28. Rf3 Nce5 29. Rxf4 hxg5 30. Rxf5 Rxf5
31. Bxf5 Nf2+
0-1

[Event "JI GADIJ"]
[Site "SchemingMind.com"]
[Date "2021.09.02"]
[Round "-"]
[White "Gilligan"]
[Black "Kenny Elliott"]
[Result "1-0"]
[WhiteCountry "USA"]
[BlackCountry "USA"]
[WhiteElo "1760"]
[WhiteRD "55"]
[BlackElo "1507"]
[BlackRD "70"]
[GameID "714894"]

1. e4 c5 2. Nf3 d6 3. d4 Nf6 4. Nc3 cxd4 5. Nxd4 e5 6. Nb3 Be7 7. Bd3 O-O 8. Be3 Be6 9. Qd2 Bxb3 10. cxb3 Nc6
11. O-O-O Qc7 12. Kb1 Rfd8 13. Rc1 Qb8 14. f4 a6 15. f5 d5 16. exd5 Nxd5 17. g4 Nxc3+ 18. Qxc3 a5 19. g5 g6 20. fxg6 fxg6
21. Bc4+ Kf8 22. Rcf1+ Ke8 23. Bb6 Rd6 24. Bf7+ Kd7 25. Qh3+
1-0

[Event "JI GADIJ"]
[Site "SchemingMind.com"]
[Date "2021.09.02"]
[Round "-"]
[White "Gilligan"]
[Black "grabapawn"]
[Result "1-0"]
[WhiteCountry "USA"]
[BlackCountry "USA"]
[WhiteElo "1704"]
[WhiteRD "56"]
[BlackElo "1526"]
[BlackRD "61"]
[GameID "714895"]

1. e4 e5 2. Bc4 Bc5 3. d4 exd4 4. Nf3 Nc6 5. O-O d6 6. c3 dxc3 7. Nxc3 Nf6 8. Nd5 Be6 9. Bg5 h6 10. Bh4 g5
11. Nxf6+ Qxf6 12. Bxe6 fxe6 13. Bg3 O-O-O 14. a3 Rd7 15. b4 Bb6 16. Rc1 Kb8 17. Qb3 Rc8 18. a4 a5 19. Rxc6 bxc6 20. bxa5 Ka7
21. axb6+ cxb6 22. Nd2 d5 23. Rb1 Rb7 24. Kh1 h5 25. f3 h4 26. Bf2 d4 27. Nc4 b5 28. axb5 Rxb5 29. Ra1+ Kb7 30. Qa4 Kc7
31. Qa7+ Rb7 32. Qa5+ Kd7 33. Nb6+ Kd8 34. Nd5+
1-0

[Event "JI GADIJ"]
[Site "SchemingMind.com"]
[Date "2021.09.02"]
[Round "-"]
[White "Erik Johnson"]
[Black "Gilligan"]
[Result "0-1"]
[WhiteCountry "USA"]
[BlackCountry "USA"]
[WhiteElo "1754"]
[WhiteRD "79"]
[BlackElo "1684"]
[BlackRD "58"]
[GameID "714896"]

1. e4 e5 2. Nf3 Nc6 3. Bb5 a6 4. Bxc6 dxc6 5. O-O Qf6 6. d3 Bd6 7. Bg5 Qg6 8. Nc3 Nf6 9. Ne2 Bg4 10. Bxf6 Bxf3
11. g3 Qxf6 12. Qd2 Bxe2 13. Qxe2 O-O-O 14. c4 h5 15. f3 g5 16. a3 Bc5+ 17. Kg2 h4 18. g4 h3+ 19. Kh1 Qg6 20. b4 Be7
21. Rfb1 Qd6 22. Rd1 Qe6 23. Rab1 Rd7 24. a4 b6 25. b5 a5 26. bxc6 Qxc6 27. Rb5 Bc5 28. Qb2 f6 29. Qb3= Bb4 30. Qb1 Qb7
31. Rxb4 axb4 32. Qxb4 Rhd8 33. Qb3 Qc6 34. Kg1 Qc5+ 35. Kf1 Qe3
0-1

[Event "JI GADIJ"]
[Site "SchemingMind.com"]
[Date "2021.09.02"]
[Round "-"]
[White "Gilligan"]
[Black "Phillip Beckett"]
[Result "1-0"]
[WhiteCountry "USA"]
[BlackCountry "ENG"]
[WhiteElo "1760"]
[WhiteRD "55"]
[BlackElo "1426"]
[BlackRD "56"]
[GameID "714897"]

1. e4 e5 2. Bc4 Nf6 3. d4 exd4 4. Nf3 Nc6 5. O-O Bc5 6. Bg5 Be7 7. Re1 d6 8. c3 d3 9. Qxd3 O-O 10. Nbd2 h6
11. Bxf6 Bxf6 12. h3 g6 13. Nf1 Ne5 14. Nxe5 Bxe5 15. Qe3 Bg7 16. Rad1 Kh7 17. f4 a6 18. a4 Be6 19. Bd3 Bb3 20. Ra1 Qd7
21. a5 Rae8 22. Nd2 Be6 23. Nf3 Bb3 24. Nh4 d5 25. e5 f6 26. Bxg6+ Kg8 27. Bxe8 Rxe8 28. Qg3 fxe5 29. fxe5 Kh7 30. Rf1 Qe6
31. Rae1 Bc4 32. Nf5 Rg8 33. Rf2 Qg6 34. Qxg6+ Kxg6 35. Ne7+ Kh7 36. Nxg8 Kxg8 37. e6
1-0

[Event "JI GADIJ"]
[Site "SchemingMind.com"]
[Date "2021.09.03"]
[Round "-"]
[White "krzysztof"]
[Black "Gilligan"]
[Result "0-1"]
[WhiteCountry "POL"]
[BlackCountry "USA"]
[WhiteElo "1577"]
[WhiteRD "79"]
[BlackElo "1760"]
[BlackRD "55"]
[GameID "714898"]

1. e4 e5 2. Nc3 Nc6 3. Nf3 Nf6 4. Be2 d5 5. exd5 Nxd5 6. d3 Bb4 7. Bd2 O-O 8. a3 Bxc3 9. bxc3 Re8 10. O-O Qf6
11. c4 Nf4 12. Bxf4 exf4 13. d4 Bg4 14. h3 Bh5 15. c3 Rad8 16. Re1 Ne7 17. Bd3 Nf5 18. Bxf5 Qxf5 19. Qc1 Bxf3 20. gxf3 Qg5+
21. Kh1 Qh4 22. Kg2 Re6 23. Rh1 Re2 24. Rf1 Rd6 25. Qxf4 Qxf4 26. Rae1 Rg6+ 27. Kh1 Qxf3+ 28. Kh2 Qg2#
0-1

[Event "JI GADIJ"]
[Site "SchemingMind.com"]
[Date "2021.09.03"]
[Round "-"]
[White "ray winteringham"]
[Black "Gilligan"]
[Result "0-1"]
[WhiteCountry "ENG"]
[BlackCountry "USA"]
[WhiteElo "1506"]
[WhiteRD "50"]
[BlackElo "1760"]
[BlackRD "55"]
[GameID "714899"]

1. e4 e5 2. Bc4 Nf6 3. d3 Bc5 4. h3 O-O 5. Nf3 d6 6. Bd2 Nbd7 7. Nc3 h6 8. Qe2 c6 9. Be3 Bb4 10. Bd2 Re8
11. a3 Ba5 12. b4 Bb6 13. Bb3 a6 14. g4 Nh7 15. h4 Ndf6 16. O-O-O Bxg4 17. Rhg1 h5 18. Rg3 Bxf3 19. Qxf3 Ng4 20. Bxf7+ Kh8
21. Bxe8 Qxe8 22. Be1 Rd8 23. Qg2 Qe6 24. Bd2 Bxf2 25. Rxg4 hxg4 26. Qxf2 Rf8 27. Qb6 g3 28. Rg1 Qg4 29. Rd1 g2 30. Qg1 Nf6
31. Bg5 Nh5 32. Rd2 Rf1+
0-1

[Event "JI GADIJ"]
[Site "SchemingMind.com"]
[Date "2021.09.02"]
[Round "-"]
[White "Gilligan"]
[Black "JAHI"]
[Result "0-1"]
[WhiteCountry "USA"]
[BlackCountry "INT"]
[WhiteElo "1684"]
[WhiteRD "58"]
[BlackElo "2048"]
[BlackRD "65"]
[GameID "714900"]

1. e4 d6 2. d4 g6 3. Nc3 Bg7 4. Be3 h6 5. Qd2 h5 6. O-O-O Kf8 7. Kb1 b6 8. Bd3 Bb7 9. f4 Nh6 10. h3 Nd7
11. Nf3 e6 12. g4 hxg4 13. Ng5 Qe7 14. hxg4 Nxg4 15. Rxh8+ Bxh8 16. Rh1 Bg7 17. Qe2 Nxe3 18. Qxe3 f6 19. Nh7+ Kg8 20. Qh3 Nf8
21. Rh2 f5 22. e5 Rd8 23. Ng5 c6 24. Bc4 dxe5 25. Nxe6 Nxe6 26. dxe5 Rd4 27. b3 Rxc4 28. bxc4 Nxf4 29. Qg3 Bxe5 30. Qe3 Qb4+
31. Kc1 Qxc3
0-1

[Event "JI GADIJ"]
[Site "SchemingMind.com"]
[Date "2021.09.03"]
[Round "-"]
[White "Gilligan"]
[Black "Daniel Dubé"]
[Result "1-0"]
[WhiteCountry "USA"]
[BlackCountry "CAN"]
[WhiteElo "1684"]
[WhiteRD "58"]
[BlackElo "1580"]
[BlackRD "58"]
[GameID "714901"]

1. e4 c5 2. Nf3 d6 3. d4 cxd4 4. Nxd4 Nf6 5. Nc3 g6 6. Be3 Bg7 7. Bd3 Nc6 8. Qd2 O-O 9. O-O-O Bd7 10. f4 Nxd4
11. Bxd4 a6 12. h3 Qc7 13. e5 Ne8 14. Nd5 Qd8 15. Bb6 Qb8 16. Nxe7+ Kh8 17. Nd5 dxe5 18. Be4 exf4 19. Bd4 f5 20. Bf3 Qd6
21. Qxf4 Qxf4+ 22. Nxf4 Bc6 23. Bxc6 bxc6 24. Ne6 Rf7 25. Nxg7 Nxg7 26. Rdf1 Rd8 27. c3 Kg8 28. Re1 f4 29. Rhf1 Nf5 30. Rxf4 Rfd7
31. Bb6 Rb8 32. Bc5 Rd5 33. b4 a5 34. a3 axb4 35. cxb4 Ra8 36. Rf3 Rad8 37. a4 Rd2 38. g4 Nh4 39. Rf2 R2d3 40. Re7 Rxh3
41. Rff7 Rh1+ 42. Kc2 Rh2+ 43. Kc3 Ng2 44. a5 Rh3+ 45. Kc4 Rdd3 46. Rg7+ Kh8 47. Bd4 Rxd4+ 48. Kxd4 Rh4 49. a6 Rxg4+ 50. Kc5
1-0

[Event "JI GADIJ"]
[Site "SchemingMind.com"]
[Date "2021.09.03"]
[Round "-"]
[White "Arnold Jones"]
[Black "Gilligan"]
[Result "1/2-1/2"]
[WhiteCountry "ENG"]
[BlackCountry "USA"]
[WhiteElo "1518"]
[WhiteRD "61"]
[BlackElo "1652"]
[BlackRD "56"]
[GameID "714902"]

1. d4 Nf6 2. c4 e5 3. dxe5 Ng4 4. Nf3 d6 5. Nc3 Nc6 6. exd6 Bxd6 7. Ne4 O-O 8. Nxd6 cxd6 9. e3 Qf6 10. Bd3 b6
11. Be4 Bb7 12. Bxc6 Bxc6 13. O-O Rad8 14. Nd4 Ne5 15. b3 Bb7 16. f3 Ng6 17. e4 Nh4 18. Bb2 Qg5 19. Qe2 Ng6 20. Bc1 Qe7
21. Nf5 Qc7 22. Be3 Bc8 23. Nd4 f5 24. Nb5 Qb7 25. Bg5 fxe4 26. Bxd8 exf3 27. Rxf3 Rxd8 28. Rd3 Nf4 29. Qf3 Nxd3 30. Qxd3 d5
31. Nc3 Be6 32. Re1 Bf7 33. Qd4 a6 34. Nxd5 Bxd5 35. cxd5 Qxd5 36. Qxb6 h6 37. Qxa6 Rf8 38. Qc4 Qxc4 39. bxc4 Ra8 40. Re2 Ra4
41. Rc2 Kf7 42. h3 Ke6 43. c5 Kd7 44. c6+ Kc7 45. Kf2 Ra3 46. h4 h5 47. g3 g6 48. Kg2 Rd3 49. Kf2 Ra3 50. Re2 Kxc6
51. Re6+ Kd5 52. Re2 Kd4 53. Kg2 Kd3 54. Kf3 Kd4+ 55. Kf4 Ra5 56. g4 hxg4 57. Kxg4 Kd3 58. Rg2 Ke3 59. Kh3 Kf4 60. Rg4+ Kf3
61. a4 Kf2 62. Rg2+ Kf3 63. Rxg6 Rxa4 64. h5 Ra8 65. Kh4 Ra4+ 66. Kh3 Ra5 67. Kh4 Kf4 68. h6 Ra1 69. Rg3 Ra6 70. Rg4+ Kf3
71. Kh5 Rxh6+ 72. Kxh6 Kxg4
1/2-1/2

[Event "JI GADIJ"]
[Site "SchemingMind.com"]
[Date "2021.09.02"]
[Round "-"]
[White "Gilligan"]
[Black "carra1971"]
[Result "0-1"]
[WhiteCountry "USA"]
[BlackCountry "CUB"]
[WhiteElo "1760"]
[WhiteRD "55"]
[BlackElo "2140"]
[BlackRD "94"]
[GameID "714903"]

1. e4 Nf6 2. e5 Nd5 3. d4 d6 4. c4 Nb6 5. Nf3 Bg4 6. Be2 Nc6 7. Nc3 dxe5 8. d5 Bxf3 9. Bxf3 Nd4 10. b3 g6
11. c5 Nd7 12. b4 a5 13. Qa4 axb4 14. Qxb4 Nc2+
0-1

[Event "JI GADIJ"]
[Site "SchemingMind.com"]
[Date "2021.09.02"]
[Round "-"]
[White "Kenny Elliott"]
[Black "Erik Johnson"]
[Result "0-1"]
[WhiteCountry "USA"]
[BlackCountry "USA"]
[WhiteElo "1551"]
[WhiteRD "71"]
[BlackElo "1754"]
[BlackRD "79"]
[GameID "714904"]

1. d4 Nf6 2. c4 g6 3. Nc3 Bg7 4. Nf3 O-O 5. e4 c6 6. e5 Ne8 7. Qb3 Qb6 8. Qc2 d6 9. Be3 dxe5 10. dxe5 Qc7
11. Bf4 Bg4 12. Qe4 Bxf3 13. gxf3 Qb6 14. O-O-O Na6 15. Be3 Qa5 16. Bd4 Nb4 17. a3 Na6 18. Bh3 Nec7 19. e6 f6 20. Qe3 c5
21. Bxc5 Qxc5 22. Rd7 Qxe3+ 23. fxe3 Rfe8 24. Rhd1 f5 25. Nd5 Nxd5 26. R1xd5 b6 27. f4 Nc5 28. Rc7 Nxe6 29. Rc6 Nc5 30. Bg2 e5
31. b4 Na4 32. c5 bxc5 33. Ra6 Nc3 34. Rd7 e4 35. Raxa7 Rxa7 36. Rxa7 cxb4 37. axb4 Nd5 38. Rb7 Nxe3 39. Bh1 Nd5 40. b5 Nxf4
41. Kc2 e3 42. Bc6 e2 43. Bxe8 e1=Q 44. Bf7+ Kf8
0-1

[Event "JI GADIJ"]
[Site "SchemingMind.com"]
[Date "2021.09.07"]
[Round "-"]
[White "grabapawn"]
[Black "Erik Johnson"]
[Result "0-1"]
[WhiteCountry "USA"]
[BlackCountry "USA"]
[WhiteElo "1515"]
[WhiteRD "64"]
[BlackElo "1754"]
[BlackRD "79"]
[GameID "714905"]

1. f4 d5 2. b3 Nf6 3. e3 e6 4. Bb2 Be7 5. Bd3 Nc6 6. Nf3 Nb4 7. Be2 O-O 8. a3 Nc6 9. d3 Bc5 10. d4 Bd6
11. Nbd2 Ng4 12. Bd3 Nxe3 13. Qe2 Bxf4 14. Nf1 Nxf1 15. Rxf1 Bxh2 16. O-O-O Bf4+ 17. Kb1 a5 18. Ne5 Nxe5 19. dxe5 Bh6 20. c4 c6
21. Bc1 Bxc1 22. Bxh7+ Kxh7 23. Rxc1 Qg5 24. Rh1+ Kg8 25. Rh5 Qg6+ 26. Ka2 f5 27. exf6 Rxf6 28. Rch1 Kf7 29. Rh8 dxc4 30. Rf1 cxb3+
31. Kxb3 Rxf1 32. Qxf1+ Qf6 33. Qd3 e5
0-1

[Event "JI GADIJ"]
[Site "SchemingMind.com"]
[Date "2021.09.07"]
[Round "-"]
[White "Phillip Beckett"]
[Black "Erik Johnson"]
[Result "0-1"]
[WhiteCountry "ENG"]
[BlackCountry "USA"]
[WhiteElo "1468"]
[WhiteRD "56"]
[BlackElo "1754"]
[BlackRD "79"]
[GameID "714906"]

1. e4 d5 2. exd5 Qxd5 3. d4 Nc6 4. Nf3 Nf6 5. c3 Bg4 6. Be2 e6 7. h3 Bf5 8. O-O Be7 9. Bf4 Qd8 10. Nbd2 Bd6
11. Bxd6 cxd6 12. Re1 O-O 13. Nf1 e5 14. dxe5 dxe5 15. Qxd8 Rfxd8 16. Ne3 Be6 17. Red1 Rxd1+ 18. Rxd1 Bxa2 19. Bb5 e4 20. Bxc6 bxc6
21. Nd4 c5 22. Ne2 Bb3 23. Rd2 a5 24. Nc1 Be6 25. Ne2 h6 26. Nf4 Bb3 27. Ned5 Nxd5 28. Nxd5 a4 29. Ne3 a3 30. bxa3 Rxa3
31. Rd8+ Kh7 32. Nd5 Bxd5 33. Rxd5 Rxc3 34. Re5 Rc4 35. Kh2 f6 36. Re7 Rd4 37. Rc7 c4 38. Kg3 f5 39. Kf4 e3+ 40. Kxe3 Re4+
41. Kf3 Kg6 42. g4 Rd4 43. gxf5+ Kxf5 44. Rc5+ Ke6 45. Kg3 Rd3+ 46. Kg2 c3 47. f3 Rd2+ 48. Kf1 c2 49. Ke1 Rd1+ 50. Ke2 c1=Q
0-1

[Event "JI GADIJ"]
[Site "SchemingMind.com"]
[Date "2021.09.02"]
[Round "-"]
[White "Erik Johnson"]
[Black "krzysztof"]
[Result "1-0"]
[WhiteCountry "USA"]
[BlackCountry "POL"]
[WhiteElo "1767"]
[WhiteRD "76"]
[BlackElo "1466"]
[BlackRD "78"]
[GameID "714907"]

1. e4 e5 2. Nf3 Nc6 3. Bb5 Nge7 4. Nc3 a6 5. Bxc6 Nxc6 6. d4 exd4 7. Nxd4 Bc5 8. Nxc6 dxc6 9. Qxd8+ Kxd8 10. O-O Be6
11. Rd1+ Ke7 12. Bf4 Rhd8 13. Bxc7 Rd4 14. Be5 Rxd1+ 15. Rxd1 Rd8 16. Rxd8 Kxd8 17. Bxg7 b5 18. Bf6+ Kd7 19. e5 Bd4 20. a3 c5
21. Ne4 Bf5 22. Ng5 Bg6 23. c3 h6 24. cxd4 hxg5 25. dxc5 Kc6 26. b4 g4 27. h3 gxh3 28. gxh3 Kd7 29. Kg2 Be4+ 30. Kg3 Ke6
31. Kf4 Bd3 32. Ke3 Bc4 33. Kd4 Bd5 34. f4 Bg2 35. h4 Kf5 36. Bg5 Ke6 37. h5 Bh3 38. h6 Bf5 39. c6 f6 40. Bxf6 Kf7
41. Kc5 Kg6 42. Bg5 Kf7 43. c7 Ke8 44. h7 Bxh7 45. c8=Q+ Kf7 46. Qxa6
1-0

[Event "JI GADIJ"]
[Site "SchemingMind.com"]
[Date "2021.09.02"]
[Round "-"]
[White "Erik Johnson"]
[Black "ray winteringham"]
[Result "1-0"]
[WhiteCountry "USA"]
[BlackCountry "ENG"]
[WhiteElo "1740"]
[WhiteRD "85"]
[BlackElo "1416"]
[BlackRD "51"]
[GameID "714908"]

1. e4 e5 2. Nf3 d6 3. Bc4 h6 4. h3 Nf6 5. d3 Bd7 6. Nc3 Be7 7. Be3 Nc6 8. Nd5 O-O 9. Nxe7+ Nxe7 10. Qd2 b5
11. Bb3 c6 12. g4 a5 13. a3 a4 14. Ba2 Kh8 15. O-O-O Neg8 16. g5 hxg5 17. Bxg5 Qa5 18. Qe2 g6 19. Nh4 Kg7 20. Rdg1 b4
21. Bxf6+ Nxf6 22. Nf5+ Kh7 23. Nxd6 Rab8 24. Bxf7 bxa3 25. Bxg6+ Kh6 26. Qe3+ Kg7 27. Bf5+ Kh8 28. Qh6+
1-0

[Event "JI GADIJ"]
[Site "SchemingMind.com"]
[Date "2021.09.02"]
[Round "-"]
[White "JAHI"]
[Black "Erik Johnson"]
[Result "1-0"]
[WhiteCountry "INT"]
[BlackCountry "USA"]
[WhiteElo "2048"]
[WhiteRD "65"]
[BlackElo "1754"]
[BlackRD "79"]
[GameID "714909"]

1. c3 e5 2. c4 Nf6 3. Nc3 Nc6 4. d3 g6 5. Bg5 Bg7 6. h3 O-O 7. h4 h6 8. Bxf6 Qxf6 9. h5 g5 10. g3 Nd4
11. Bg2 c6 12. e3 Ne6 13. Nge2 d6 14. Kf1 Nc7 15. Kg1 Bg4 16. Qf1 a6 17. f3 Be6 18. Re1 Qe7 19. f4 exf4 20. exf4 gxf4
21. Nxf4 Bd4+ 22. Kh2 Bxc3 23. bxc3 Qg5 24. Rg1 Rae8 25. Rb1 b5 26. Bxc6 Re7 27. cxb5 axb5 28. Qf2 f5 29. Bxb5 Bf7 30. Bc4 Bxc4
31. dxc4 Rfe8 32. Qf3 Re3 33. Qc6 Qd8 34. Rbd1 Rxc3 35. Rxd6 Rc2+ 36. Kh3 Qe7 37. Rg6+ Kf7 38. Re1
1-0

[Event "JI GADIJ"]
[Site "SchemingMind.com"]
[Date "2021.09.07"]
[Round "-"]
[White "Daniel Dubé"]
[Black "Erik Johnson"]
[Result "0-1"]
[WhiteCountry "CAN"]
[BlackCountry "USA"]
[WhiteElo "1604"]
[WhiteRD "57"]
[BlackElo "1767"]
[BlackRD "76"]
[GameID "714910"]

1. d4 Nf6 2. c4 g6 3. Nc3 Bg7 4. e4 O-O 5. Nf3 d6 6. h3 c5 7. d5 Qa5 8. Bd3 Nfd7 9. O-O Bxc3 10. bxc3 Qxc3
11. Bh6 Re8 12. Ng5 Ne5 13. Bc2 Qxc4 14. f4 Ned7 15. Nxf7 Kxf7 16. f5 Ne5 17. fxg6+ Kxg6 18. Bf4 Qd4+ 19. Qxd4 cxd4 20. Bxe5 dxe5
21. Rf3 Nd7 22. Raf1 b6 23. Rg3+ Kh6 24. Rf5 Bb7 25. Bd1 Nf6 26. Rxe5 Rg8 27. Rf3 Rae8 28. Rff5 Bc8 29. Rf4 Kg7 30. g4 Kh8
31. Kh2 Nd7 32. Rh5 Nf6 33. Rh4 Ref8 34. Bb3 Rg5 35. Rh6 Kg7 36. Rh4 h5 37. gxh5 Rxh5 38. Rxh5 Nxh5 39. Rh4 Nf4 40. e5 Nxh3
41. Rxh3 Bxh3 42. Kxh3 Rf3+ 43. Kg4 Re3 44. d6 exd6 45. exd6 Kf6 46. Kf4 b5 47. Bd5 a5 48. d7 Ke7
0-1

[Event "JI GADIJ"]
[Site "SchemingMind.com"]
[Date "2021.09.02"]
[Round "-"]
[White "Erik Johnson"]
[Black "Arnold Jones"]
[Result "1-0"]
[WhiteCountry "USA"]
[BlackCountry "ENG"]
[WhiteElo "1717"]
[WhiteRD "88"]
[BlackElo "1501"]
[BlackRD "56"]
[GameID "714911"]

1. e4 c5 2. c3 e6 3. d4 d5 4. e5 Nc6 5. Nf3 cxd4 6. cxd4 Bb4+ 7. Nc3 f6 8. Bb5 Ne7 9. exf6 gxf6 10. O-O Qb6
11. Bxc6+ bxc6 12. a3 Bxc3 13. bxc3 Ba6 14. Re1 Bc8 15. Be3 Qb3 16. Qxb3
1-0

[Event "JI GADIJ"]
[Site "SchemingMind.com"]
[Date "2021.09.07"]
[Round "-"]
[White "carra1971"]
[Black "Erik Johnson"]
[Result "1-0"]
[WhiteCountry "CUB"]
[BlackCountry "USA"]
[WhiteElo "2176"]
[WhiteRD "88"]
[BlackElo "1717"]
[BlackRD "88"]
[GameID "714912"]

1. e4 d5 2. exd5 Qxd5 3. Nc3 Qa5 4. d4 c6 5. Nf3 Nf6 6. Bc4 e6 7. O-O Be7 8. Bf4 O-O 9. Re1 Nd5 10. Nxd5 cxd5
11. Bd3 Nd7 12. Re3 Qb6 13. Rb1 Nf6 14. Ne5 Kh8 15. Bxh7 Nxh7 16. Rh3 g6 17. Qd3 Bf6 18. Nxg6+ fxg6 19. Qxg6
1-0

[Event "JI GADIJ"]
[Site "SchemingMind.com"]
[Date "2021.09.03"]
[Round "-"]
[White "Phillip Beckett"]
[Black "Kenny Elliott"]
[Result "0-1"]
[WhiteCountry "ENG"]
[BlackCountry "USA"]
[WhiteElo "1493"]
[WhiteRD "52"]
[BlackElo "1549"]
[BlackRD "66"]
[GameID "714913"]

1. e4 c5 2. Nf3 d6 3. d4 Nf6 4. Nc3 Bg4 5. Be2 Nc6 6. dxc5 dxc5 7. h3 Bxf3 8. Qxd8+ Rxd8 9. Bxf3 e5 10. Bg5 Be7
11. Ke2 Nd4+ 12. Ke3 Nxc2+ 13. Ke2 Nxa1 14. Rxa1 O-O 15. Bxf6 Bxf6 16. Nd5 Rd6 17. Nxf6+ Rxf6 18. Rd1 Ra6 19. a3 f6 20. Rd7 b6
21. Bg4 Ra4 22. Be6+ Kh8 23. f3 a5 24. Bf7 b5 25. Bd5 Rd4 26. b3 b4 27. a4 h5 28. Rc7 Kh7 29. Be6 Rfd8 30. Bd5 R4xd5
31. exd5 Rxd5 32. Ke3 f5 33. Ra7 Kh6 34. Rxa5 Kg5 35. Ra7 g6 36. g3 f4+ 37. gxf4+ exf4+ 38. Ke4 Rd4+ 39. Ke5 Rd3 40. Rc7 Rxf3
41. Rxc5 Kh4 42. Rc4 Kxh3 43. Rxb4 g5 44. a5 Re3+ 45. Kf5 f3 46. Ra4 f2 47. Ra1 Re1
0-1